| 000 | 01118cam a2200361 i 4500 | ||
|---|---|---|---|
| 001 | 0000469 | ||
| 003 | DO-SdBNP | ||
| 005 | 20230210105142.0 | ||
| 007 | 0000469 | ||
| 008 | 100514s 2010 xxu | |||| 000 f spa | ||
| 015 | _a | ||
| 017 |
_a _b |
||
| 020 | _a9781616051426 | ||
| 035 | _a | ||
| 040 |
_aBPMSU _bspa _cBPMSU _e |
||
| 080 | _a | ||
| 082 |
_a813.5 _bM612s 2010 _222 |
||
| 100 | 1 | _aMeyer, Stephenie | |
| 240 | 1 | 2 |
_aThe short second life of Bree Tanner: an eclipse _l |
| 245 | 1 | 3 |
_aLa segunda vida de Bree Tanner / _cStephenie Meyer ; ilustraciones ; traducción Julio Hermoso Oliveras |
| 260 |
_aEstados Unidos: _bAlfaguara, _c2010. |
||
| 300 |
_a225 p.; _c22 cm |
||
| 490 | 0 | _aSaga crespúsculo | |
| 500 | _aUna novela de eclipse, Best Seller Mundial de la saga crepúsculo. | ||
| 590 | _6Inventariado, 2023/VM | ||
| 650 | 4 | _a Novela estadounidense | |
| 650 | 4 |
_aVampiros _vNovela |
|
| 650 | 4 |
_aRelaciones interpersonales _vNovela |
|
| 650 | 4 |
_aMonstruos _vNovela |
|
| 700 | 1 |
_aHermoso Oliveras, Julio _etrad. _925 |
|
| 910 | _aVMateo V. /Control de calidad | ||
| 942 |
_2ddc _cBK |
||
| 999 |
_c10658 _d10658 |
||